000 00735nam a2200289Ia 4500
005 20260324120907.0
008 008 260324s9999 xx 000 0 eng d
020 _a9781315780054
037 _aEBOOK
040 _aCRL
040 _beng
040 _cCRL
041 _2eng
041 _aeng
084 _qCRL
100 _aAnne Maass; Caterina Suitner; Jean-Pierre Deconchy
_91160378
245 0 _aLiving in an Asymmetrical World
245 0 _bHow writing direction affects thought and action
260 _bTaylor and Francis
260 _c2014
365 _a
365 _b240
856 _uhttp://www.taylorfrancis.com/books/9781315780054
942 _cEBOOK
999 _c1752156
_d1752156